000 00930nac a22002897a 4500
001 BR7200606
003 BR-BrBNA
005 20240105113441.0
008 230509b bl.|||m| |||| 00| 0 por d
040 _aBR-BrBNA
_bpor
_cBiblioteca Nacional de Agricultura
072 _aF23; F24; F26
090 _aF23 BR7200606
100 1 _aSouza, M.J.N. de
110 1 _aUniversidade de Sao Paulo, Sao Paulo (Brasil). Inst. de Geografia
_910547
245 1 _aNotas sobre o problema de limitacoes ao uso dos solos do Ceara [Horizonte; Aptidao agricola; Brasil]
260 3 _aSao Paulo, SP (Brasil):
_c1972.
300 _a14 p.
490 _aCaderno de Ciencias da Terra (Brazil)
_vno. 24
_x
650 _aHORIZONTE
650 _aPERFIL DO SOLO
650 _aFISIOGRAFIA
650 _aAPTIDAO AGRICOLA
650 _aUSO DA TERRA
650 _aCEARA
909 _a202312
_bLúcia Elande
_c55
_dLúcia Elande
942 _2AGRIS
_n0
_cMS
999 _c263793
_d263793